LEADER 01147nam a2200265 u 4500 001 000000042685 003 CaOOAMICUS 005 20070226114343.0 008 990308s1977 ja af u000 u eng u 035 $a10816475 040 $aPUL(R)$bita 245 02$aA brief report of the Asian Conference on religion and peace :$bSingapore 1976. 246 34$aPeace through religion 260 $aTokyo :$bAsian Conference on religion and peace,$c1977. 300 $a128 p. :$bill. ;$c19 cm 500 $aContiene indici. 504 $aBibliografia in nota. 650 4$aPace.$0(OLS)http://pul/subject/4327 850 $aPUL 852 $aPUL$W1$xDP1 Cons. Gen., Altre Classi 1$y22$m44 D 61$j57629$nBK-PRI$b $qStampati$B57629$CPULBib$Z2$F57629 $H $81 941 1 $a8 961 $aINV: Ex libris mons. Pietro Rossano -- 67448 996 $6245$aA brief report of the Asian Conference on religion and peace :$bSingapore 1976$9(OLS)http://pul/title/57590 996 $6246$aPeace through religion$9(OLS)http://pul/title/57591 996 $6260$aTokyo :$bAsian Conference on religion and peace$9(OLS)http://pul/publisher/64957 LEADER 01463nam a2200325 u 4500 001 000000122648 003 CaOOAMICUS 005 20100820103337.0 008 100820t2010 it u000 u ita r 020 $a978-88-215-6815-2 040 $aPUL$bita$dReb 041 0 $aita$heng 082 04$a215 100 1 $aGiberson, Karl.$0(OLS)http://pul/name/77039 240 10$aOracles of science: celebrity scienists versus God and religion$lItaliano.$0(OLS)http://pul/title/154584 245 10$aProfeti senza Dio :$banche la scienza ha i suoi Sacerdoti /$cKarl Giberson, Mariano Artigas. 260 $aCinisello Balsamo :$bSan Paolo,$cİ2010. 300 $a490 p. ;$c20 cm 490 1 $aProspettive teologiche ;$v54 504 $aBibliografia p. 485-487. 650 4$aTeologia e scienza.$0(OLS)http://pul/subject/21827 700 1 $aArtigas, Mariano,$d1938-2006.$0(OLS)http://pul/name/39195 830 0$aProspettive teologiche (San Paolo) ;$v54.$0(OLS)http://pul/title/80200 850 $aPUL 852 $aPUL$W1$xSL Religione 3$y85$m215 GIBKA 1$j140878$qDDC 21$B139958$CPULBib$Z2$F139958 $H114172 $82 941 1 $a9 996 $6020$a978-88-215-6815-2$9(OLS)http://pul/number/145080 996 $6082$a215$9(OLS)http://pul/classification/503 996 $6245$aProfeti senza Dio :$banche la scienza ha i suoi Sacerdoti$9(OLS)http://pul/title/154583 996 $6260$aCinisello Balsamo :$bSan Paolo$9(OLS)http://pul/publisher/54577